MARC детайли
| 000 -Лидер |
| Контролно поле с фиксирана дължина |
02995ngm a2200685 a 4500 |
| 003 - Код на организацията, давaща контролен номер |
| Контролно поле |
BLK |
| 005 - Дата и час на последна редакция |
| Контролно поле |
20240528150853.0 |
| 008 - Елементи от данни с фиксирана дължина |
| fixed length control field |
180410b bul||n||s|||||||| m|bulo| |
| 010 ## - Наследен системен номер |
| LC control number |
CDD00005214000 |
| 040 ## - Източник на каталожния запис |
| Идентификатор на билиотеката - собственик на записа |
BLK |
| 041 ## - Код за език |
| Код за езика на текст/звукозапис или на отделно заглавие |
Български |
| Код за езика КДБФ |
Български |
| 072 #7 - Код за тематичната категория |
| Код организация |
bullib |
| Код за тематична категория |
Ф0602 |
| Текст |
Документални филми Ф |
| 072 #7 - Код за тематичната категория |
| Код организация |
bullib |
| Код за тематична категория |
К |
| Текст |
Краезнание |
| 080 ## - УДК |
| Текстов определител УДК |
Българска православна църква |
| УДК код - определител по УДК |
281.962 |
| УДК определител |
(497.215)(091)(086.8) |
| УДК - код + определител |
281.962(497.215)(091)(086.8) |
| 080 ## - УДК |
| Текстов определител УДК |
Християнски храм |
| УДК код - определител по УДК |
246/247 |
| УДК определител |
(091)(497.215)(086.8) |
| УДК - код + определител |
246/247(091)(497.215)(086.8) |
| 080 ## - УДК |
| Текстов определител УДК |
Църковна архитектура |
| УДК код - определител по УДК |
726 |
| УДК определител |
(497.215)(086.8) |
| УДК - код + определител |
726(497.215)(086.8) |
| 080 ## - УДК |
| Текстов определител УДК |
Религиозна живопис |
| УДК код - определител по УДК |
75.046 |
| УДК - код + определител |
75.046 |
| 080 ## - УДК |
| Текстов определител УДК |
Филмова информация. Кинохроники |
| УДК код - определител по УДК |
791.43-92 |
| УДК - код + определител |
791.43-92 |
| 139 ## - Редно поле |
| Редна дума |
Света Троица [видео DVD] |
| Авторски знак |
Све - С 25 |
| 245 10 - Сведения за заглавието |
| Заглавие |
Света Троица [видео DVD] |
| Редно поле (дума) |
сценарист Радослав Спасов; режисьор Пенка Шопова; оператор Валентин Косев. |
| 257 ## - Страна на издаване |
| Страна на създаване/издаване |
България |
| 260 ## - Област на издателските данни |
| Място на издаване, разпространение и проч. |
Русе |
| Име на издателя, разпространителя и проч. |
Регион. телевизионен център |
| Година на издаване |
[2008] |
| 300 ## - Физическа характеристика |
| Страници |
(1,04 GB) |
| Размери/Мащаб |
12 см |
| 380 ## - Жанр |
| Жанр |
Изкуство |
| 490 ## - СЕРИИ (Колекции) |
| Име на серия |
Опознайте историята и забележителностите на родния край с филмите на РТВЦ - Русе |
| 500 ## - Общи забележки |
| Забележка |
Дигитално изд. |
| 650 #4 - Допълнително описание по предмет – тема |
| Основно описание – тема или топоним |
Църкви - Русе |
| 9 (RLIN) |
268957 |
| 650 #4 - Допълнително описание по предмет – тема |
| Основно описание – тема или топоним |
Православна църква - България - история |
| 9 (RLIN) |
244199 |
| 650 #4 - Допълнително описание по предмет – тема |
| Основно описание – тема или топоним |
Църковно-национална борба - България - дейци |
| 9 (RLIN) |
250517 |
| 650 #4 - Допълнително описание по предмет – тема |
| Основно описание – тема или топоним |
Икони, български |
| 9 (RLIN) |
247074 |
| 650 #4 - Допълнително описание по предмет – тема |
| Основно описание – тема или топоним |
Стенописи, български |
| 9 (RLIN) |
247075 |
| 651 #4 - Допълнително описание по предмет - топоним |
| Географско понятие |
Русе |
| 9 (RLIN) |
179462 |
| 653 ## - Ключова дума – ненормативна |
| Ключова дума |
Катедралния храм Св. Троица |
| 653 ## - Ключова дума – ненормативна |
| Ключова дума |
църкви |
| 653 ## - Ключова дума – ненормативна |
| Ключова дума |
църковна архитектура |
| 653 ## - Ключова дума – ненормативна |
| Ключова дума |
икони |
| 653 ## - Ключова дума – ненормативна |
| Ключова дума |
религиозна живопис |
| 653 ## - Ключова дума – ненормативна |
| Ключова дума |
стенописи |
| 653 ## - Ключова дума – ненормативна |
| Ключова дума |
свещеници |
| 653 ## - Ключова дума – ненормативна |
| Ключова дума |
митрополит Василий |
| 653 ## - Ключова дума – ненормативна |
| Ключова дума |
митрополит Григорий |
| 653 ## - Ключова дума – ненормативна |
| Ключова дума |
църковно-национални борби |
| 653 ## - Ключова дума – ненормативна |
| Ключова дума |
история |
| 653 ## - Ключова дума – ненормативна |
| Ключова дума |
документални филми |
| 659 ## - Тематичен бюлетин |
| Тематичен бюлетин |
К |
| 659 ## - Тематичен бюлетин |
| Тематичен бюлетин |
Ф |
| 700 1# - Други автори (авторска отговорност) |
| Лично име |
Спасов, Радослав |
| Автороска отговорност (Описва отношението между автора и произведението) |
сценарист |
| 9 (RLIN) |
387879 |
| 700 1# - Други автори (авторска отговорност) |
| Лично име |
Шопова, Пенка |
| Автороска отговорност (Описва отношението между автора и произведението) |
режисьор |
| 9 (RLIN) |
354982 |
| 700 1# - Други автори (авторска отговорност) |
| Лично име |
Косев, Валентин |
| Автороска отговорност (Описва отношението между автора и произведението) |
оператор |
| 9 (RLIN) |
354985 |
| 852 ## - Местоположение |
| Форматна сигнатура |
Цб CD 3007 |
| Част |
0 |
| 852 ## - Местоположение |
| Форматна сигнатура |
К 2/С 25 |
| 856 4# - Електронен адрес и достъп |
| Електронен формат |
pdf - файл |
| Път до файла /url/ |
|
| 856 4# - Електронен адрес и достъп |
| Електронен формат |
pdf - файл |
| Път до файла /url/ |
|
| 942 ## - АРТИКУЛИ |
| Вид на библиотечния материал |
Компактдискове |
| Скрит в OPAC |
Не |
| Периодичен библиозапис |
Да |
| 944 ## - СЪЗДАВАНЕ И РЕДАКЦИЯ на ЗАПИСА |
| Създаване/Редакция |
Създаване |
| Дата на регистрацията/редакция |
19.10.2011 |
| Служител, извършил регистрацията/редакцията |
30553 |
| Статус, дата на статуса |
Иваничка Йорданова |
| 944 ## - СЪЗДАВАНЕ И РЕДАКЦИЯ на ЗАПИСА |
| Създаване/Редакция |
Редакция |
| Дата на регистрацията/редакция |
19.09.2013 |
| 999 ## - СИСТЕМНИ КОНТРОЛНИ НОМЕРА |
| Koha biblionumber |
223487 |
| Koha biblioitemnumber |
223487 |
| 999 ## - СИСТЕМНИ КОНТРОЛНИ НОМЕРА |
| Koha biblioitemnumber |
223487 |
| 999 ## - СИСТЕМНИ КОНТРОЛНИ НОМЕРА |
| Koha biblioitemnumber |
223487 |
| 999 ## - СИСТЕМНИ КОНТРОЛНИ НОМЕРА |
| Koha biblioitemnumber |
223487 |